| 000 | 00542nam a2200205Ia 4500 | ||
|---|---|---|---|
| 008 | 230125s9999 xx 000 0 und d | ||
| 020 | _a81-7493-235-6 | ||
| 041 | _aeng | ||
| 082 |
_a659.003 _bRAJ |
||
| 100 |
_aRaj G, Ed. _9109006 |
||
| 245 | _aDictionary of Advertising | ||
| 250 | _a1st Ed. | ||
| 260 |
_c1998 _bHimalaya Publishing House _aMumbai |
||
| 300 | _a282p | ||
| 500 | _aDictionary;Dictionary of advertising | ||
| 650 | _aAdvertising | ||
| 700 |
_aRaj G, Ed. _9109006 |
||
| 906 | _b65 | ||
| 999 |
_c85715 _d85715 |
||